Datum a čas kvízu
29.5
Celkem bodů
Celkový počet nahraných bodů na tomto kvízu bez doplňovacích otázek.
4.
Pořadí na kvízu
Konečné umístění týmu na tomto kvízu.
Zaznamenané odpovědi
| # | Otázka | Odpověď | Body | Výsledky |
|---|---|---|---|---|
| 1. | Nezvykle brzy letos vykvetly n... | Jizerka | 1 | |
| 2. | Nevšední hříšník uvízl v pondě... | C) holub | 0 | |
| 3. | Rozhořčení občané jednoho měst... | v Táboře | 0 | |
| 4. | Andrej Babiš se na sociálních... | Věra Jourová | 1 | |
| 5. | Tým Boston Celtics se minulý t... | C | 0 | |
| 6. | V pěti otázkách tohoto tématu... | kámen | 1 | |
| 7. | Jaká je denní dávka kuchyňské... | B | 1 | |
| 8. | Po kterém vzácném minerálu se... | po diamantu | 0 | |
| 9. | Jak zní obchodní název takzvan... | Praganda | 0 | |
| 10. | Chcete-li si užít blahodárného... | D) Bad Ischl | 1 |